000 00595cam a22002053a 4500
001 41236
003 PGUSA
005 20140828083929.0
008 121030s2012||||xxu|||||s|||||000 | eng d
040 _aPGUSA
_beng
042 _adc
100 1 _aRoy, Lillian Elizabeth,
_d1868-1932
245 1 0 _aLittle Washington's Relatives
_h[electronic resource] /
_cLillian Elizabeth Roy
260 _bProject Gutenberg,
_c2012
506 _aPublic domain in the USA.
516 _aElectronic text
830 0 _aProject Gutenberg
_v41236
856 4 0 _uhttp://www.gutenberg.org/ebooks/41236
942 _cEB
999 _c270488
_d270488